• 首页
  • 本馆介绍
  • 公告通知
  • 最新文献
  • 馆藏检索
  • 电子资源
  • 读者导购
  • 参考咨询
  • 我的图书馆
  • 登录
  • 详细信息显示
  • 放入我的书架
  • 预约/预借图书
  • 作者相关作品
  • 分类相关作品
  • 丛书相关作品
  • 出版社相关作品

书目信息

  • 表格格式
  • 工作单格式
  • 卡片格式
题名:
俄语泛读教材
    
 
作者: ;北京师范大学外语系俄语教研室选 注
分册:  
出版信息: 北京   北京师范大学出版社  1988.9
页数: 286页
开本: 20cm
丛书名:
单 册:
中图分类: H359.4
科图分类:
主题词: 俄语
电子资源:
ISBN: 7-303-00224-3
000 00619nam0 2200193 45
001 0405111468
005 20040511164808.7
010    @a7-303-00224-3@dCNY1.40
100    @a20040511d1988 km y0chiy0120 ea
101 0  @achi
105    @a z 000yy
200 1  @a俄语泛读教材@AE Yu Fan Du Jiao Cai@f北京师范大学外语系俄语教研室选注@FBei Jing Shi Fan Da Xue Wai Yu Xi E Yu Jiao Yan Shi Xuan Zhu
210    @a北京@d1988.9@c北京师范大学出版社
215    @a286页@d20cm
606 0  @a俄语
690    @aH359.4@v3
711 02 @a北京师范大学外语系俄语教研室选@4注
801    @aCN@bPftUser@c20040511
905    @f1@b236540@dH359.4@e114
    
    俄语泛读教材/北京师范大学外语系俄语教研室选注.-北京,1988.9:北京师范大学出版社
    286页;20cm
    
    
    ISBN 7-303-00224-3:CNY1.40
    
●
相关链接 在E读中查询图书 在五车中查询图书 在当当中查询图书 在豆瓣中查询图书


正题名:俄语泛读教材     索取号:H359.4/114         预约/预借

序号 登录号 条形码 馆藏地/架位号 状态 备注
1 0236537   001061451   密集书库/ [索取号:H359.4/114] 在馆    
2 0236538   001061433   密集书库/ [索取号:H359.4/114] 在馆    
3 0236539   001061442   密集书库/ [索取号:H359.4/114] 在馆    
4 0236540   001061460   第四借阅区/ [索取号:H359.4/114] 在馆    
5 0236541   001061497   第二样本阅览室/ [索取号:H359.4/114] 在馆    
唐山师范学院图书馆 欢迎您!
大连网信软件有限公司© 版权所有